Central Library and Information Centre
Sibsagar Girls' College, Sivasagar : Assam

PREM AAMRITOR NODI (Record no. 9598)

MARC details
000 -LEADER
fixed length control field 00384cam a2200169ua 4500
008 - FIXED-LENGTH DATA ELEMENTS--GENERAL INFORMATION
fixed length control field 120602n1999 II |||gr||||Z||||||asm
040 ## - CATALOGING SOURCE
Original cataloging agency MAIN
041 ## - LANGUAGE CODE
-- English
082 ## - DEWEY DECIMAL CLASSIFICATION NUMBER
Classification number 891.451 MAL
100 ## - MAIN ENTRY--PERSONAL NAME
Personal name MALIK, SAYID ABDUL.
245 ## - TITLE STATEMENT
Title PREM AAMRITOR NODI
260 ## - PUBLICATION, DISTRIBUTION, ETC.
Place of publication, distribution, etc. DIBRUGARH
Name of publisher, distributor, etc. BOOK HIVE
Date of publication, distribution, etc. 1999
300 ## - PHYSICAL DESCRIPTION
Extent 106.
942 ## - ADDED ENTRY ELEMENTS (KOHA)
Koha item type Books
653 ## - INDEX TERM--UNCONTROLLED
Uncontrolled term ASSAMESE LITERATURE
Holdings
Withdrawn status Lost status Damaged status Not for loan Collection code Home library Current library Shelving location Date acquired Full call number Barcode Date last seen Copy number Price effective from Koha item type
        REFASM Central Library and Information Centre Sibsagar Girls College Central Library and Information Centre Sibsagar Girls College Assamese Fiction 21.07.2000 891.451 MAL 16588 27.02.2020 1 27.02.2020 Books


Sibsagar Girl's College © 2020. All rights reserved.
Powered by Koha.
Maintained by Abhijit Borpuzari.